00641nam a22002297a 4500003000500000005001700005008004100022010001000063011001000073035001000083040000900093100001800102245007800120260004200198300001000240490002800250650003200278650002900310700002000339700002400359830002800383CHAP20220329140058.0971013s1976 r 00010 d a46668 a47640 a51783 cCHAP00aTiller, K. G. aSome metals in selected vegetables purchased in the Adelaide metropolitan a(s.l.) :bCSIRO. Div. of Soils,c1976 a10 p. aDivisional reportv; 1314aLegumbresxContaminación.14aSuelosxContaminación.0 aSpouncer, L. R.0 aVries, M. P. C. de.0 aDivisional reportv; 13